| 000 | 00659cab a2200229 4500 | ||
|---|---|---|---|
| 001 | ABS55941 | ||
| 008 | 090401t1996 xxu||||| |||| 00| 0 eng d | ||
| 035 | _a(Sirsi) u19979 | ||
| 041 | _aeng | ||
| 100 | _aAnstey, J. | ||
| 245 | 4 | _aThe Party Wall etc. Act 1996 | |
| 260 | _c1996 | ||
| 350 | _a0 | ||
| 490 |
_aCSM (Chartered Surveyor Monthly) _v6(2) October 1996, 34-35(2) |
||
| 520 | _aIntroduces the new party wall legislation due to come into effect in April 1997. | ||
| 650 | _aPARTY WALL ETC ACT 1996 | ||
| 650 |
_aParty walls _96258 |
||
| 690 | _aBUILT ENVIRONMENT-BUILDING INSPECTION | ||
| 690 | _aLAW | ||
| 942 | _n0 | ||
| 948 | _c04/03/1997 | ||
| 999 |
_c13389 _d13389 |
||